000 00294nam a22001337a 4500
008 181030b xxu||||| |||| 00| 0 eng d
020 _a9780683083323
041 _aeng
080 _a338
100 _a52
101 _aMAN
245 _aHandbook Pain Management
_cDavid.c
942 _2udc
_cBK
999 _c51090
_d51090